Finančná analýza vo vybranom podniku diplomová práca

Saved in:
Bibliographic Details
Main Author: Mackaničová, Veronika
Corporate Author: Podnikovohospodárska fakulta EU so sídlom v Košiciach. Katedra finančného riadenia podniku
Other Authors: Nižníková, Zuzana, 1986-
Format: Book
Language:Slovak
Published: Košice 2017
Tags: Add Tag
No Tags, Be the first to tag this record!

MARC

LEADER 00000nbm a2200000 4500
001 0231676
005 20171121100958.3
041 0 |a slo 
044 |a SK 
245 1 0 |a Finančná analýza vo vybranom podniku  |b diplomová práca  |c Veronika Mackaničová ; školiteľ: Zuzana Nižníková 
264 1 |a Košice  |c 2017 
300 |a 70 s. 
100 1 |a Mackaničová, Veronika 
700 1 |a Nižníková, Zuzana, 1986- 
710 2 |a Podnikovohospodárska fakulta EU so sídlom v Košiciach. Katedra finančného riadenia podniku